Encuentro de experiencias en inventarios y monitoreo biológico (Registro nro. 7271)

Detalles MARC
000 -CABECERA
Campo de control 00811nam a2200205 a 4500
005 - FECHA Y HORA DE LA ULTIMA TRANSACCION
Campo de control 20180312151336.0
008 - ELEMENTOS DE LONGITUD FIJA—INFORMACION GENERAL
Campo de control 140217b2006 ck ||||| |||| 00| 0 spa d
040 ## - FUENTE DE CATALOGACIÓN
Agencia catalogadora original CO-BoIAVH
Agencia transcriptora CO-BoIAVH
041 ## - IDIOMA
Código de idioma para texto/pista de sonido o título separado Español
090 ## - CLASIFICACIÓN LOCAL
Colección IAVH
Consecutivo 01400
111 ## - ASIENTO PRINCIPAL--NOMBRE DE REUNION
Nombre de reunión o de jurisdicción como elemento de entrada Taller Metaplan encuentro de Experiencias en Inventarios y Monitoreo Biológico
Lugar de la reunión Villa de Leyva
Fecha de la reunión octubre 31-2 de noviembre de 2006
245 ## - MENCION DE TITULO
Título Encuentro de experiencias en inventarios y monitoreo biológico
260 ## - PUBLICACION, DISTRIBUCION, ETC. (PIE DE IMPRENTA)
Lugar de publicación, distribución, etc. Villa de Leyva
Nombre del editor, distribuidor, etc. Instituto Alexander von Humboldt
-- INVEMAR
-- Mecanismo de Facilitación del Convenio sobre Diversidad Biológica
Fecha de publicación, distribución, etc. 2006
300 ## - DESCRIPCION FISICA
Extensión 60 p.
700 ## - ASIENTO SECUNDARIO - NOMBRE PERSONAL
Nombre personal Ortiz Olaya, Rovitzon
700 ## - ASIENTO SECUNDARIO - NOMBRE PERSONAL
Nombre personal Giraldo B., Carlos Agusto
700 ## - ASIENTO SECUNDARIO - NOMBRE PERSONAL
Nombre personal Garzón, Vladimir
942 ## - ELEMENTOS ADICIONALES (KOHA)
Tipo de ítem Informe Técnico
Sistema de clasificación Local
945 ## - PROCESAMIENTO LOCAL
AAAA-MM-DD - Fecha de ingreso o modificacion 2010-02-23
Existencias
Withdrawn status Lost status Sistema de Clasificación Damaged status No para préstamo Colección Inventariado Ubicación Permanente Ubicación actual Fecha de adquisición Total Checkouts Número topográfico Inventario / Código de Barras Date last seen Ejemplar Price effective from Forma de adquisición Tipo de material
    Local     Humboldt Inventariado 2017 Villa de Leyva Villa de Leyva 23/02/2010   IAVH-01400 027906 09/08/2024 Ej. 1 04/12/2012   Informe Técnico